000 00929nas a2200313 4500
001 BR0801518
003 BR-BrBNA
005 20231205111722.0
007 ta
008 230509b bl.|||p| |||| 00| 00por d
040 _aBR-BrBNA
_bpor
_cBiblioteca Nacional de Agricultura
041 _a(Pt)
072 _aL10; L40; L60
100 1 _aRibeiro-Costa, C.S.
245 1 _aSete novas espécies de bruquídeos do gênero Amblycerus Thunberg (Coleoptera, Bruchidae)
650 _aZOOLOGIA
650 _aINSETO
650 _aBESOURO
650 _aBRUQUÍDEO
650 _aCOLEOPTERO
650 _aAMBLYCERUS THUNBER
650 _aESPÉCIE
650 _aANATOMIA ANIMAL
650 _aIDENTIFICAÇÃO
650 _aTAXONOMIA ANIMAL
773 0 _tRevista Brasileira de Zoologia (Brazil)
_xISSN 0101-8175
_g(Sep 1999), v. 16(3) p. 789-806
_wBR0801518
909 _a202311
_bLúcia
_c55
_dLúcia Elande
942 _2AGRIS
_n0
_cANA
999 _c194124
_d194124